00411nam a22001457a 4500008004100000040005500041080001400096245004000110260003700150300001300187500000600200650001200206653002700218700002000245230807b |||||||| |||| 00| 0 eng d aNational Science LibrarycNational Science Library a615.1(05) aAdvances in pharmaceutical sciences aLondon: bAcademic Press, c1982 ax, 329p. a  aScience aParticle-size analysis aBean, H S (Ed.)